Les Meilleurs Buteurs de l'histoire du TFC - Statistiques

Statistiques générales
  • Ce quiz a été pris 37 fois
  • Le résultat moyen est 5 sur 20
Statistiques - réponses
Hint Réponse % Correct
71 Ben Yedder
97%
42 André-Pierre Gignac
79%
37 Thijs Dallinga
53%
40 Martin Braithwaite
35%
39 Rhys Healey
35%
67 Alberto Marcico
32%
28 Max-Alain Gradel
29%
59 Yannick Stopyra
29%
25 Zakaria Aboukhlal
29%
27 Achille Emana
21%
75 Robert Pintenat
12%
34 Cédric Fauré
9%
47 Gerald Passi
9%
33 Jean-Philippe Durand
9%
30 Anthony Bancarel
6%
50 Joaquin Martinez
6%
31 Michel Pavon
6%
41 Angel Marcos
3%
49 Francisco Calderaro
3%
32 Jean Diaz
3%
Aucun quiz correspondant
Distribution des résultats
% des personnes avec chaque résultat
Percentile par nombre de réponses
Votre historique - résultats
Vous n’avez pas pris ce quiz